The shape of Herodotean rhetoric : a study of the speeches in Herodotus' Histories with special attention to books 5-9 /

In The Shape of Herodotean Rhetoric , Vasiliki Zali offers a fresh assessment of Herodotus' rhetorical awareness. Redressing the usual view that considers Thucydides as a significant jump from earlier authors in the rhetorical tradition, Zali attempts to find a place for Herodotus. The volume e...

وصف كامل

محفوظ في:

المؤلف الرئيسي: Zali, Vasiliki.

التنسيق: كتاب الكتروني

اللغة: English

منشور في: Leiden ; Boston : Brill, 2014.

سلاسل: International Studies in the History of Rhetoric 6.
Classical Studies E-Books Online, Collection 2014, ISBN: 9789004262430.

الموضوعات:

الوصول للمادة أونلاين: Login to view Source

الوسوم: إضافة وسم

لا توجد وسوم, كن أول من يضع وسما على هذه التسجيلة!

رقم الطلب: D58.H473 Z35 2014

LEADER 02922nam a2200469 i 4500
001 BRILL9789004283589
003 nllekb
005 20230529211557.0
006 m d
007 cr un uuuua
008 140815s2014 ne sb 001 0 eng d
010 |a  2014032773 
020 |a 9789004283589  |q (electronic book) 
020 |z 9789004278967  |q (print) 
024 7 |a 10.1163/9789004283589  |2 DOI 
040 |a NL-LeKB  |c NL-LeKB  |e rda 
050 4 |a D58.H473  |b Z35 2014 
072 7 |a DSBB  |2 bicssc 
072 7 |a LIT011000  |2 bisacsh 
082 0 4 |a 930  |2 23 
100 1 |a Zali, Vasiliki. 
245 1 4 |a The shape of Herodotean rhetoric :  |b a study of the speeches in Herodotus' Histories with special attention to books 5-9 /  |c by Vasiliki Zali. 
264 1 |a Leiden ;  |a Boston :  |b Brill,  |c 2014. 
300 |a 1 online resource. 
336 |a text  |b txt  |2 rdacontent 
337 |a computer  |b c  |2 rdamedia 
338 |a online resource  |2 rdacarrier 
490 1 |a International studies in the history of rhetoric 
504 |a Includes bibliographical references and index. 
505 0 0 |a Preliminary Material -- Introduction -- 1 Allocation of Speech -- 2 Debates -- 3 Alliance Speeches -- 4 Pre-Battle Speeches -- Conclusion -- Appendix -- Bibliography -- Index of Passages Cited -- General Index. 
506 |a Available to subscribing member institutions only. 
520 |a In The Shape of Herodotean Rhetoric , Vasiliki Zali offers a fresh assessment of Herodotus' rhetorical awareness. Redressing the usual view that considers Thucydides as a significant jump from earlier authors in the rhetorical tradition, Zali attempts to find a place for Herodotus. The volume explores the direct and indirect speeches in Herodotus' fifth to ninth books, focusing in particular on the ways in which they highlight two major narrative themes: the fragility of Greek unity and the problematic Greco-Persian polarity. Through discussion of case studies and Herodotus' literary background, Zali brings Herodotus' sophisticated rhetorical system to life, examines the ways in which this system affects Herodotus' authority, and demonstrates that Herodotus occupies a crucial place in the development of rhetoric. 
559 4 |a D58.H473 Z35 2014 
600 0 0 |a Herodotus.  |t History. 
650 0 |a Rhetoric, Ancient. 
776 0 8 |i Print version:  |t The Shape of Herodotean Rhetoric: A Study of the Speeches in Herodotus' Histories with Special Attention to Books 5-9  |d Leiden, Boston : BRILL, 2015,  |z 9789004278967 
830 0 |a International Studies in the History of Rhetoric  |v 6. 
830 0 |a Classical Studies E-Books Online, Collection 2014, ISBN: 9789004262430. 
856 4 |z DOI:   |u http://dx.doi.org/10.1163/9789004283589 
942 |2 lcc  |c EBOOK 
952 |0 0  |1 0  |2 lcc  |4 0  |6 D0058 H473 Z35 02014  |7 1  |9 48434  |a BRILL  |b BRILL  |d 2023-05-29  |l 0  |o D58.H473 Z35 2014  |r 2023-05-29 00:00:00  |w 2023-05-29  |y EBOOK 
999 |c 53778  |d 53778